| 000 | 00845nam a2200205Ii 4500 | ||
|---|---|---|---|
| 003 | JO-AjNU | ||
| 008 | 230605s9999||||xx |||||||||||||| ||und|| | ||
| 017 | _a2011/6/2310 | ||
| 040 |
_aJO-AjNU _bara _erda _cJO-AjNU |
||
| 041 | _aara | ||
| 050 | 1 | 4 | _aKMM49.K42.2011 |
| 100 | 3 |
_aتأليف الخياط؛ عبدالعزيز عزت؛ مراجعة وتدقيق بدوي البيطار, _eauthor _953251 |
|
| 245 | 0 | 0 | _aمسيرة القانون المدني الأردني مستمدا من الفقه الإسلامي وضعه وإقراره |
| 264 | 3 | 1 | _aعمان : عبدالعزيز عزت الخياط ، 2011 |
| 300 | _a190ص | ||
| 336 |
_atext _btxt _2rdacontent |
||
| 337 |
_aunmediated _bn _2rdamedia |
||
| 338 |
_avolume _bnc _2rdacarrier |
||
| 650 | 4 |
_aالقانون المدني -- الاردن -- الفقه الاسلامي _953252 |
|
| 999 |
_aA23638 _c27206 _d27206 |
||